[Event "7. Arber-Open Bodenmais 2018"]
[Site "Bodenmais"]
[Date "2018.07.29"]
[Round "2.50"]
[White "Krawiec, Jan"]
[Black "Uneken, Bert"]
[Result "0-1"]
[WhiteElo "1460"]
[BlackElo "1804"]
[PlyCount "46"]
[EventDate "2018.??.??"]
[WhiteTeam "SV Unser Fritz"]
[BlackTeam "Niederlande"]
[BlackTeamCountry "NED"]

1. e4 Nc6 2. Nf3 f5 3. exf5 d5 4. d4 Bxf5 5. Nc3 Nf6 6. Bb5 a6 7. Ba4 b5 8. Ne5
Nxe5 9. dxe5 Nd7 10. Bb3 e6 11. Bf4 Bc5 12. O-O c6 13. a4 O-O 14. axb5 axb5 15.
Rxa8 Qxa8 16. Qa1 Qb7 17. Ne2 Bg4 18. Re1 Bxe2 19. Be3 Bxe3 20. fxe3 Bg4 21. e4
Qb6+ 22. Kh1 Qf2 23. Rf1 Qxf1+ 0-1

[Event "7. Arber-Open Bodenmais 2018"]
[Site "Bodenmais"]
[Date "2018.07.29"]
[Round "2.51"]
[White "Van Hoorebeke, Jimmy"]
[Black "Karayilan, Nilufer"]
[Result "1-0"]
[WhiteElo "1783"]
[BlackElo "1326"]
[PlyCount "49"]
[EventDate "2018.??.??"]
[WhiteTeam "Belgien"]
[BlackTeam "SV Doorn Driebergen"]
[WhiteTeamCountry "BEL"]

1. e4 c5 2. d4 cxd4 3. c3 dxc3 4. Nxc3 a6 5. Bc4 e6 6. Nf3 Bb4 7. O-O Qc7 8.
Qd3 b5 9. Bb3 Ne7 10. Bd2 Bc5 11. Rac1 Qb6 12. e5 O-O 13. Ne4 d6 14. exd6 Bxd6
15. Qxd6 Qxd6 16. Nxd6 Nbc6 17. Bf4 Bd7 18. Rfd1 Ng6 19. Bg3 Na5 20. Ne5 Nxe5
21. Bxe5 Bc6 22. h3 Nxb3 23. Rxc6 Na5 24. Rc7 f6 25. Bc3 1-0

[Event "7. Arber-Open Bodenmais 2018"]
[Site "Bodenmais"]
[Date "2018.07.29"]
[Round "2.52"]
[White "Stowicek, Lars"]
[Black "Kochendoerfer, Juergen"]
[Result "0-1"]
[WhiteElo "1275"]
[BlackElo "1776"]
[PlyCount "84"]
[EventDate "2018.??.??"]
[WhiteTeam "USV Halle"]
[BlackTeam "SV Crailsheim"]

1. e4 b6 2. d4 Bb7 3. Nc3 e6 4. a3 Nf6 5. Bd3 c5 6. dxc5 Bxc5 7. Nf3 Nc6 8. O-O
a6 9. b4 Bd6 10. Re1 Ne5 11. Bb2 Qc7 12. Rb1 Nxf3+ 13. Qxf3 Bxh2+ 14. Kh1 Be5
15. Nd1 Bxb2 16. Rxb2 b5 17. Qg3 Qxg3 18. fxg3 d5 19. exd5 Bxd5 20. Ne3 Rc8 21.
Be2 O-O 22. Rd1 Ne4 23. Kh2 Nc3 24. Rd2 Nxe2 25. Rxe2 Rfd8 26. g4 h6 27. Re1
Rc3 28. Nxd5 Rxd5 29. Ra1 Rd4 30. a4 Rxg4 31. axb5 axb5 32. Ra8+ Kh7 33. Rb8
Rh4+ 34. Kg1 Rh5 35. Rb7 Kg6 36. Ra2 Rd5 37. Raa7 Rf5 38. Ra2 Rc4 39. Rb2 Kg5
40. Rb6 Kg4 41. Ra2 Rxb4 42. c4 Rb1+ 0-1

[Event "7. Arber-Open Bodenmais 2018"]
[Site "Bodenmais"]
[Date "2018.07.29"]
[Round "2.53"]
[White "Khamenya, Vitalia"]
[Black "Schloegl, Andreas"]
[Result "1-0"]
[WhiteElo "1770"]
[BlackElo "1204"]
[PlyCount "37"]
[EventDate "2018.??.??"]
[WhiteTeam "SK Gr?felfing"]
[BlackTeam "SC Beilngries"]

1. e4 e5 2. Nf3 Nc6 3. Bc4 Nf6 4. d3 Bb4+ 5. c3 Ba5 6. O-O h6 7. b4 Bb6 8. b5
Na5 9. Nxe5 Nxc4 10. Nxc4 d5 11. Nxb6 axb6 12. e5 Nd7 13. Qg4 Nxe5 14. Qxg7 Ng6
15. Re1+ Kd7 16. Qxf7+ Ne7 17. Ba3 c5 18. bxc6+ bxc6 19. Rxe7+ 1-0

[Event "7. Arber-Open Bodenmais 2018"]
[Site "Bodenmais"]
[Date "2018.07.29"]
[Round "2.54"]
[White "Rempe, Lennik"]
[Black "Stehlik, Christian"]
[Result "0-1"]
[WhiteElo "1143"]
[BlackElo "1747"]
[PlyCount "64"]
[EventDate "2018.??.??"]
[WhiteTeam "SK Doppelbauer Kiel"]
[BlackTeam "SC Bayerwald"]

1. e4 d5 2. Nc3 d4 3. Nd5 e5 4. Nf3 c6 5. Nb4 Bxb4 6. Nxe5 Qe7 7. f4 Nf6 8. Bc4
Be6 9. Bb3 Bxb3 10. axb3 Nxe4 11. O-O Nd7 12. Re1 f5 13. Qh5+ g6 14. Qf3 Nxe5
15. fxe5 Bxd2 16. Bxd2 Nxd2 17. Qe2 Ne4 18. g4 O-O-O 19. gxf5 gxf5 20. Rf1
Rhg8+ 21. Kh1 Qxe5 22. Rf3 Ng3+ 23. hxg3 Qxe2 24. Raf1 Rxg3 25. Rxg3 Qxf1+ 26.
Kh2 f4 27. Rg2 f3 28. Rd2 Qe2+ 29. Rxe2 fxe2 30. Kh3 Rg8 31. b4 e1=R 32. Kh4
Rh1# 0-1

[Event "7. Arber-Open Bodenmais 2018"]
[Site "Bodenmais"]
[Date "2018.07.29"]
[Round "2.55"]
[White "Bartels, Vladimir"]
[Black "Karner, Carl-Philipp"]
[Result "1-0"]
[WhiteElo "1739"]
[BlackElo "1534"]
[PlyCount "65"]
[EventDate "2018.??.??"]
[WhiteTeam "Niederlande"]
[BlackTeam "ASV Burglengenfeld"]
[WhiteTeamCountry "NED"]

1. e4 Nf6 2. e5 Nd5 3. d4 d6 4. c4 Nb6 5. exd6 exd6 6. Nc3 Nc6 7. Be2 Bf5 8.
Nf3 Be7 9. O-O O-O 10. a3 a5 11. Be3 Nd7 12. h3 Re8 13. Bd3 Bxd3 14. Qxd3 Bf6
15. Rfe1 g6 16. Bh6 Bg7 17. Rxe8+ Qxe8 18. Bxg7 Kxg7 19. Re1 Qd8 20. Nb5 Na7
21. Nc3 Nc6 22. Nd2 Nf6 23. Nde4 d5 24. Nxf6 dxc4 25. Ne8+ Kf8 26. Qxc4 Qd7 27.
Nf6 Qf5 28. Ncd5 Rd8 29. Qc5+ Kg7 30. Ne8+ Kh6 31. Qf8+ Kg5 32. h4+ Kh5 33.
Nef6+ 1-0

[Event "7. Arber-Open Bodenmais 2018"]
[Site "Bodenmais"]
[Date "2018.07.29"]
[Round "2.56"]
[White "Nusser, Hans-Karl"]
[Black "Bruening, Martin"]
[Result "0-1"]
[WhiteElo "1659"]
[BlackElo "1736"]
[PlyCount "52"]
[EventDate "2018.??.??"]
[WhiteTeam "M?nchener SC"]
[BlackTeam "TuS Syke"]

1. d4 d5 2. c4 e6 3. Nc3 Nf6 4. cxd5 exd5 5. Bf4 Bd6 6. Bxd6 Qxd6 7. e3 c6 8.
Bd3 O-O 9. h3 Re8 10. Nf3 Nbd7 11. O-O Ne4 12. Qc2 f5 13. Rfe1 b6 14. Nd2 Ndf6
15. f3 Nxd2 16. Qxd2 Bd7 17. Rac1 Re7 18. Qc2 g6 19. Kf2 Rae8 20. Re2 Kg7 21.
Rh1 f4 22. Nd1 Nh5 23. exf4 Qxf4 24. Rxe7+ Rxe7 25. Qc3 Qg3+ 26. Kf1 Nf4 0-1

[Event "7. Arber-Open Bodenmais 2018"]
[Site "Bodenmais"]
[Date "2018.07.29"]
[Round "2.57"]
[White "Lindstaedt, Erik"]
[Black "Goerl, Peter"]
[Result "1-0"]
[WhiteElo "919"]
[BlackElo "1315"]
[PlyCount "41"]
[EventDate "2018.??.??"]
[WhiteTeam "SV Unser Fritz"]
[BlackTeam "SC Gardez-Viechtach"]

1. e4 e6 2. d4 b6 3. Nf3 Nf6 4. Bd3 Bb7 5. Nc3 d6 6. Bf4 Be7 7. Qd2 Nbd7 8.
O-O-O c6 9. Kb1 O-O 10. h3 c5 11. e5 dxe5 12. dxe5 Bxf3 13. gxf3 Nh5 14. Bh6
Nxe5 15. Qe3 Nxd3 16. Rxd3 Qc7 17. Rg1 Bf6 18. Ne4 Qe5 19. Nxf6+ Qxf6 20. Qg5
Qxh6 21. Qxh6 1-0

[Event "7. Arber-Open Bodenmais 2018"]
[Site "Bodenmais"]
[Date "2018.07.30"]
[Round "3.1"]
[White "Schelle, Artur"]
[Black "Prusikin, Michael"]
[Result "0-1"]
[WhiteElo "2206"]
[BlackElo "2516"]
[PlyCount "82"]
[EventDate "2018.??.??"]
[WhiteTeam "SC Tarr MÃ¼nchen"]
[BlackTeam "BCA Augsburg"]

1. g3 e5 2. Bg2 d5 3. d3 c6 4. Nf3 Bd6 5. O-O Nf6 6. Nc3 O-O 7. e4 Nbd7 8. exd5
cxd5 9. Nb5 Bb8 10. c4 a6 11. Nc3 d4 12. Nb1 h6 13. b3 Re8 14. Ba3 Ra7 15. Nbd2
b6 16. Ne1 a5 17. Ne4 Nxe4 18. dxe4 Nf6 19. Nd3 Bd6 20. Bxd6 Qxd6 21. Qd2 Bb7
22. Rfe1 Nd7 23. Rab1 Nc5 24. f3 Bc8 25. Bf1 Bd7 26. Kh1 Qg6 27. Nxc5 bxc5 28.
Bd3 Bc6 29. Rf1 Rb8 30. Kg2 Qd6 31. a4 Qg6 32. Bc2 Ra6 33. Rbd1 Bd7 34. Rf2 f5
35. exf5 Bxf5 36. Bxf5 Qxf5 37. Qd3 Qxd3 38. Rxd3 Kf7 39. Re2 Kf6 40. f4 exf4
41. Rf3 Re6 0-1

[Event "7. Arber-Open Bodenmais 2018"]
[Site "Bodenmais"]
[Date "2018.07.30"]
[Round "3.2"]
[White "Pap, Misa"]
[Black "Lorenc, Tomas"]
[Result "1-0"]
[WhiteElo "2473"]
[BlackElo "2208"]
[PlyCount "229"]
[EventDate "2018.??.??"]
[WhiteTeam "SF Augsburg"]
[BlackTeam "SC Waldsassen"]

1. e4 d5 2. exd5 Qxd5 3. Nc3 Qa5 4. d4 Nf6 5. Nf3 Bg4 6. h3 Bh5 7. g4 Bg6 8.
Ne5 e6 9. h4 Nbd7 10. Nc4 Qa6 11. h5 Be4 12. Nxe4 Nxe4 13. Qf3 Qc6 14. Bd3 Bb4+
15. Ke2 f5 16. gxf5 exf5 17. d5 Qxd5 18. Ne3 Qe5 19. Qxf5 Nef6 20. c3 Bc5 21.
Bd2 O-O-O 22. Qxe5 Nxe5 23. Bf5+ Kb8 24. Rh3 Rhe8 25. Rg1 Nxh5 26. Rxh5 Rxd2+
27. Kxd2 Nf3+ 28. Kd3 Nxg1 29. Bg4 Rd8+ 30. Kc2 Bxe3 31. fxe3 Rf8 32. Rxh7 a5
33. Rxg7 a4 34. Kd3 Rd8+ 35. Bd7 Nf3 36. Ke2 Ne5 37. Bxa4 Nc4 38. Bb3 Nxb2 39.
Rg1 c5 40. Rb1 Rh8 41. Rf1 c4 42. Bc2 Kc7 43. e4 Kd6 44. Ke3 Rh3+ 45. Kd4 Rh2
46. e5+ Ke7 47. Be4 b5 48. Rh1 Rd2+ 49. Ke3 Rd8 50. Kf4 Rf8+ 51. Ke3 Rd8 52.
Bc2 Ke6 53. Rb1 Nd3 54. Rxb5 Nxe5 55. Ke4 Nd3 56. Rb6+ Ke7 57. Rc6 Nf2+ 58. Ke3
Ng4+ 59. Kf4 Rd2 60. Bb1 Nf6 61. Rxc4 Rb2 62. Bf5 Rxa2 63. Rc6 Rf2+ 64. Kg5
Rg2+ 65. Kh4 Rf2 66. Bh3 Rc2 67. c4 Rc1 68. Kg5 Ne4+ 69. Kf4 Nd2 70. Rc7+ Kf6
71. Rc6+ Ke7 72. Be6 Nxc4 73. Bxc4 Kd7 74. Rc5 Kd6 75. Rd5+ Kc6 76. Ba2 Rf1+
77. Ke3 Re1+ 78. Kd2 Rh1 79. Kc3 Rh3+ 80. Kb4 Rh2 81. Bb3 Rf2 82. Re5 Rb2 83.
Re6+ Kd7 84. Rh6 Ke7 85. Kc3 Rb1 86. Bc4 Rd1 87. Bd3 Kd7 88. Kc4 Ke7 89. Be4
Kd7 90. Bd5 Ke7 91. Kc5 Rd2 92. Re6+ Kd7 93. Rf6 Rc2+ 94. Bc4 Ke7 95. Rf7+ Ke8
96. Rh7 Rc1 97. Kd5 Kf8 98. Rc7 Re1 99. Kd6 Rd1+ 100. Ke6 Rd2 101. Ke5 Ke8 102.
Be6 Kd8 103. Ra7 Rb2 104. Kf6 Rf2+ 105. Bf5 Re2 106. Rd7+ Ke8 107. Rc7 Rd2 108.
Rc1 Rd4 109. Rc8+ Rd8 110. Rc4 Rd2 111. Ke6 Re2+ 112. Be4 Kd8 113. Kd6 Ke8 114.
Bd5 Kf8 115. Rg4 1-0

[Event "7. Arber-Open Bodenmais 2018"]
[Site "Bodenmais"]
[Date "2018.07.30"]
[Round "3.3"]
[White "Hoffmann, Sebastian"]
[Black "Milov, Leonid"]
[Result "0-1"]
[WhiteElo "2174"]
[BlackElo "2469"]
[PlyCount "52"]
[EventDate "2018.??.??"]
[WhiteTeam "SC NT NÃ¼rnberg"]
[BlackTeam "SC NT NÃ¼rnberg"]

1. e4 c5 2. c3 d5 3. exd5 Qxd5 4. d4 Nf6 5. Nf3 e6 6. Be3 Nc6 7. dxc5 Qxd1+ 8.
Kxd1 Ng4 9. b4 a5 10. Bb5 Bd7 11. Nd4 axb4 12. Bxc6 Bxc6 13. Nxc6 b3 14. Nd2 b2
15. Rb1 Nxe3+ 16. fxe3 bxc6 17. Rxb2 Bxc5 18. Ke2 O-O 19. Ne4 Be7 20. Rd1 Ra7
21. Rdd2 f5 22. Nf2 Rfa8 23. Rb6 Rxa2 24. Rxa2 Rxa2+ 25. Kf3 e5 26. e4 Rxf2+
0-1

[Event "7. Arber-Open Bodenmais 2018"]
[Site "Bodenmais"]
[Date "2018.07.30"]
[Round "3.4"]
[White "Meijers, Viesturs"]
[Black "Schroeder, Wilfried"]
[Result "1-0"]
[WhiteElo "2458"]
[BlackElo "2199"]
[PlyCount "81"]
[EventDate "2018.??.??"]
[WhiteTeam "ESV NickelhÃ¼tte Aue"]
[BlackTeam "SV Wattenscheid"]

1. c4 e6 2. b3 d5 3. Bb2 Nf6 4. g3 Be7 5. Bg2 O-O 6. Nf3 c5 7. cxd5 Nxd5 8. O-O
Nc6 9. d4 cxd4 10. Nxd4 Nxd4 11. Qxd4 Bf6 12. Qd2 Nb4 13. Qxd8 Rxd8 14. Bxf6
gxf6 15. Nc3 Rb8 16. Rfd1 Bd7 17. a3 Nc6 18. Ne4 Kg7 19. b4 Be8 20. Nd6 Kf8 21.
f4 Ke7 22. Nxe8 Rxd1+ 23. Rxd1 Rxe8 24. Rc1 Kd6 25. Kf2 Re7 26. Bxc6 bxc6 27.
Rc5 f5 28. Ra5 Rb7 29. Kf3 f6 30. e4 fxe4+ 31. Kxe4 Rc7 32. g4 Rg7 33. h3 Rf7
34. g5 fxg5 35. fxg5 Rg7 36. h4 Rc7 37. h5 Rf7 38. g6 hxg6 39. hxg6 Rg7 40. Rg5
e5 41. Kf5 1-0

[Event "7. Arber-Open Bodenmais 2018"]
[Site "Bodenmais"]
[Date "2018.07.30"]
[Round "3.5"]
[White "Meertens, Martin"]
[Black "Sergeev, Vladimir"]
[Result "1/2-1/2"]
[WhiteElo "2146"]
[BlackElo "2410"]
[PlyCount "72"]
[EventDate "2018.??.??"]
[WhiteTeam "Klub KÃ¶lner SF"]
[BlackTeam "UKRAINE"]
[BlackTeamCountry "UKR"]

1. e4 c5 2. Nf3 a6 3. c4 e6 4. d4 cxd4 5. Nxd4 Nf6 6. Bd3 Nc6 7. Nxc6 dxc6 8.
O-O e5 9. Nc3 Be6 10. a3 Be7 11. h3 Nd7 12. Qe2 Nc5 13. Bc2 Qd4 14. Qh5 g6 15.
Qh6 Bf8 16. Qg5 Be7 17. Qg3 Qxc4 18. Qxe5 O-O-O 19. Be3 f6 20. Qg3 g5 21. Rfd1
h5 22. h4 Rhg8 23. hxg5 fxg5 24. Qe5 Nd7 25. Qa5 Bf6 26. Rd3 Bxc3 27. Rxc3 Qb5
28. Qxb5 axb5 29. Rd1 Ne5 30. Rxd8+ Kxd8 31. Rc5 Nf7 32. Bd1 h4 33. Bh5 g4 34.
Bxf7 Bxf7 35. Bg5+ Kd7 36. Bxh4 Be6 1/2-1/2

[Event "7. Arber-Open Bodenmais 2018"]
[Site "Bodenmais"]
[Date "2018.07.30"]
[Round "3.6"]
[White "Fauth, Dietmar"]
[Black "Hausner, Ivan"]
[Result "0-1"]
[WhiteElo "2112"]
[BlackElo "2321"]
[PlyCount "74"]
[EventDate "2018.??.??"]
[WhiteTeam "MÃ¼nchener SC"]
[BlackTeam "SC Bayerwald"]

1. e4 d6 2. Nc3 c5 3. f4 g6 4. Nf3 Bg7 5. Bc4 Nc6 6. d3 e6 7. O-O Nge7 8. Bb3
a6 9. Ne2 d5 10. Qe1 Na5 11. c3 Nxb3 12. axb3 Qb6 13. Kh1 dxe4 14. dxe4 Qxb3
15. f5 exf5 16. Bg5 f6 17. exf5 fxg5 18. Nxg5 O-O 19. Qh4 h6 20. fxg6 Bf5 21.
Nf7 Nxg6 22. Nxh6+ Kh7 23. Qh5 Bxh6 24. Rxf5 Rxf5 25. Qxf5 Re8 26. Ng3 Qe6 27.
Qf2 Qe3 28. Qf7+ Bg7 29. Rg1 Re7 30. Qd5 Qe5 31. Qd3 Bh6 32. Rf1 b5 33. Rf5 c4
34. Qd8 Qe1+ 35. Rf1 Bf4 36. Kg1 Bxg3 37. hxg3 Qxg3 0-1

[Event "7. Arber-Open Bodenmais 2018"]
[Site "Bodenmais"]
[Date "2018.07.30"]
[Round "3.7"]
[White "Miesbauer, Jan"]
[Black "Rieling, Thomas"]
[Result "1-0"]
[WhiteElo "2282"]
[BlackElo "2079"]
[PlyCount "55"]
[EventDate "2018.??.??"]
[WhiteTeam "SC Bayerwald"]
[BlackTeam "SC Diogenes"]

1. d4 Nf6 2. c4 e6 3. Nc3 d5 4. cxd5 exd5 5. Bg5 Be7 6. Qc2 Na6 7. a3 c6 8. e3
Qa5 9. Ra2 Qd8 10. Bxa6 bxa6 11. Nf3 O-O 12. O-O h6 13. Bh4 Be6 14. Ne5 Rc8 15.
Na4 c5 16. Nxc5 g5 17. Bg3 Qb6 18. b4 Ne4 19. f3 Nxg3 20. hxg3 a5 21. Rb1 Rc7
22. g4 Bd6 23. Ned3 axb4 24. axb4 Qb5 25. Ra5 Qc4 26. Qd2 Bxc5 27. bxc5 f6 28.
Rb4 1-0

[Event "7. Arber-Open Bodenmais 2018"]
[Site "Bodenmais"]
[Date "2018.07.30"]
[Round "3.8"]
[White "Melamed, Tatjana"]
[Black "Zametzer, Marcus"]
[Result "1-0"]
[WhiteElo "2386"]
[BlackElo "1293"]
[PlyCount "39"]
[EventDate "2018.??.??"]
[WhiteTeam "AE Magdeburg"]
[BlackTeam "SK Mangfalltal"]

1. e4 c5 2. Nf3 d6 3. c3 Nf6 4. Bc4 Nxe4 5. Qa4+ Bd7 6. Bxf7+ Kxf7 7. Qxe4 h6
8. d4 cxd4 9. cxd4 Qb6 10. Nc3 e6 11. Qf4+ Ke8 12. O-O Be7 13. Qg3 g5 14. Re1
Rh7 15. h4 Qa5 16. d5 e5 17. hxg5 hxg5 18. Bxg5 Rg7 19. Qh4 Qd8 20. Qh8+ 1-0

[Event "7. Arber-Open Bodenmais 2018"]
[Site "Bodenmais"]
[Date "2018.07.30"]
[Round "3.9"]
[White "Strangmueller, Andreas"]
[Black "Tong, Kevin"]
[Result "1/2-1/2"]
[WhiteElo "1980"]
[BlackElo "2180"]
[PlyCount "83"]
[EventDate "2018.??.??"]
[WhiteTeam "SK Landshut"]
[BlackTeam "SC Erlangen"]

1. d4 d5 2. c4 c6 3. Nf3 Nf6 4. Nc3 dxc4 5. a4 Bf5 6. e3 e6 7. Bxc4 Bb4 8. O-O
O-O 9. Qe2 Bg4 10. h3 Bh5 11. Bd3 Re8 12. Rd1 Nbd7 13. g4 Bg6 14. Bxg6 hxg6 15.
e4 Qc7 16. Bg5 e5 17. Bxf6 gxf6 18. d5 Red8 19. Rac1 Qb6 20. dxc6 bxc6 21. Qc4
Be7 22. Rd2 Nc5 23. Rxd8+ Rxd8 24. Rd1 Rxd1+ 25. Nxd1 Ne6 26. b3 Bc5 27. Qc2
Kg7 28. Kh2 Qd8 29. Qd2 Qb8 30. Qc3 Qb6 31. Qc2 Nf4 32. Kg3 Qb4 33. Nb2 Bb6 34.
Nc4 Bc7 35. Ne3 Qd6 36. Nc4 Qe6 37. Ne3 Bb8 38. Qc4 Qd7 39. b4 Qb7 40. b5 cxb5
41. axb5 Qb6 42. Nd5 1/2-1/2

[Event "7. Arber-Open Bodenmais 2018"]
[Site "Bodenmais"]
[Date "2018.07.30"]
[Round "3.10"]
[White "Beulertz, Stefan"]
[Black "Puschendorf, Steffen"]
[Result "1/2-1/2"]
[WhiteElo "1983"]
[BlackElo "2153"]
[PlyCount "144"]
[EventDate "2018.??.??"]
[WhiteTeam "SC Werl 1981"]
[BlackTeam "ESV Gera"]

1. e4 e6 2. d3 d5 3. Qe2 dxe4 4. dxe4 e5 5. Nf3 Nc6 6. c3 Nf6 7. Bg5 h6 8. Bh4
Bd6 9. Qc2 a6 10. Nbd2 Be6 11. Bc4 Qe7 12. b4 O-O 13. O-O b5 14. Bd5 Bd7 15.
Rfe1 Rae8 16. Nf1 Nd8 17. Ne3 g6 18. Qd2 Kg7 19. Rad1 Rh8 20. Bxf6+ Qxf6 21.
Bb3 Qf4 22. Qd3 Be6 23. Nd5 Bxd5 24. Qxd5 g5 25. a4 bxa4 26. Bxa4 Re6 27. Re3
Rf6 28. Bd7 Ne6 29. Bxe6 Rxe6 30. g3 Qf6 31. Ne1 h5 32. Rf3 Qg6 33. Rf5 g4 34.
Ng2 Rb8 35. Nh4 Qh6 36. Ra1 Rb5 37. Qd3 Be7 38. Ng2 Rd6 39. Qe3 Qg6 40. c4 Rxb4
41. Qc3 Rd4 42. Nf4 Qd6 43. c5 Rd1+ 44. Kg2 Qd4 45. Qxd4 Rbxd4 46. Nxh5+ Kf8
47. Rxa6 Rxe4 48. Ra8+ Rd8 49. Ra7 Re1 50. h3 e4 51. hxg4 Rdd1 52. Ra8+ Bd8 53.
g5 Ke7 54. Re5+ Kd7 55. Kh3 Re2 56. Rf5 Ke7 57. Re5+ Kd7 58. Rf5 Ke7 59. Kg4
Rd4 60. Re5+ Kd7 61. Kh3 Rxf2 62. Nf4 e3 63. g6 Rfxf4 64. gxf4 fxg6 65. Kg3 Bf6
66. Rxe3 Rd5 67. Ra6 Bd4 68. Re4 g5 69. c6+ Kd6 70. fxg5 Rxg5+ 71. Rg4 Rxg4+
72. Kxg4 Bb6 1/2-1/2

[Event "7. Arber-Open Bodenmais 2018"]
[Site "Bodenmais"]
[Date "2018.07.30"]
[Round "3.11"]
[White "Jergler, Karl-Heinz"]
[Black "Hrdina, Karl"]
[Result "1/2-1/2"]
[WhiteElo "2152"]
[BlackElo "1957"]
[PlyCount "84"]
[EventDate "2018.??.??"]
[WhiteTeam "SC Rottal-Inn"]
[BlackTeam "SV MÃ¶dling"]

1. e4 e5 2. Nf3 Nc6 3. d4 exd4 4. Nxd4 Bc5 5. Be3 Nxd4 6. Bxd4 Bxd4 7. Qxd4 Qf6
8. e5 Qb6 9. Qxb6 axb6 10. Nc3 f6 11. Nd5 Kd8 12. exf6 Nxf6 13. Nxf6 gxf6 14.
Bd3 d6 15. O-O Bd7 16. Rfe1 Ra5 17. Re3 Re5 18. Rae1 h6 19. f4 Rxe3 20. Rxe3
Rg8 21. Kf2 Bc6 22. Be4 Kd7 23. Bf5+ Kd8 24. g3 Re8 25. g4 Rxe3 26. Kxe3 Ke7
27. h4 Kf7 28. Bc8 Bg2 29. f5 c5 30. c4 Ke7 31. Be6 Bc6 32. Bd5 b5 33. b3 Bxd5
34. cxd5 b4 35. h5 b5 36. Kd3 Kd7 37. Kc2 Ke7 38. Kb2 Kd7 39. a3 bxa3+ 40. Kxa3
Ke7 41. Kb2 Kf7 42. Kc3 Ke7 1/2-1/2

[Event "7. Arber-Open Bodenmais 2018"]
[Site "Bodenmais"]
[Date "2018.07.30"]
[Round "3.12"]
[White "Schleich, Theodor"]
[Black "Pitica, Silviu Valentin"]
[Result "1/2-1/2"]
[WhiteElo "1961"]
[BlackElo "2149"]
[PlyCount "44"]
[EventDate "2018.??.??"]
[WhiteTeam "MÃ¼nchener SC"]
[BlackTeam "ITALIEN"]
[BlackTeamCountry "ITA"]

1. d4 e6 2. e4 d5 3. e5 c5 4. c3 Nc6 5. Nf3 Qb6 6. a3 Nh6 7. b4 cxd4 8. Bxh6
gxh6 9. cxd4 Bd7 10. Be2 Rg8 11. O-O Rg4 12. h3 Rf4 13. g3 Rxf3 14. Bxf3 Qxd4
15. Qxd4 Nxd4 16. Bh5 a5 17. Nc3 Rc8 18. Rad1 Nf3+ 19. Bxf3 Rxc3 20. Bh5 Rxa3
21. bxa5 Rxa5 22. Rd4 Be7 1/2-1/2

[Event "7. Arber-Open Bodenmais 2018"]
[Site "Bodenmais"]
[Date "2018.07.30"]
[Round "3.13"]
[White "Wacker, Felix"]
[Black "Schmahl, Stephan"]
[Result "1-0"]
[WhiteElo "1956"]
[BlackElo "2148"]
[PlyCount "59"]
[EventDate "2018.??.??"]
[WhiteTeam "SC Lambsheim"]
[BlackTeam "SC Bavaria Regensburg von 1881"]

1. e4 e6 2. d4 d5 3. Nd2 Nf6 4. e5 Nfd7 5. Bd3 c5 6. c3 Nc6 7. Ne2 cxd4 8. cxd4
f6 9. exf6 Nxf6 10. O-O Bd6 11. Nf3 O-O 12. Bf4 Bxf4 13. Nxf4 Ng4 14. g3 e5 15.
dxe5 g5 16. Nxd5 Ncxe5 17. Nxe5 Nxe5 18. Be4 Bf5 19. Bg2 h6 20. Qb3 Bd3 21.
Rfe1 Bc4 22. Qxb7 Rf7 23. Qxa8 Qxa8 24. Ne7+ Rxe7 25. Bxa8 Kf7 26. b3 Bd3 27.
Rad1 Bc2 28. Rc1 Bd3 29. Re3 g4 30. Rc5 1-0

[Event "7. Arber-Open Bodenmais 2018"]
[Site "Bodenmais"]
[Date "2018.07.30"]
[Round "3.14"]
[White "Ilic, Andreas"]
[Black "Roesch, Felix"]
[Result "0-1"]
[WhiteElo "1893"]
[BlackElo "1523"]
[PlyCount "62"]
[EventDate "2018.??.??"]
[WhiteTeam "DBSB"]
[BlackTeam "SV Urmitz"]

1. e4 c5 2. b4 cxb4 3. d4 Nf6 4. Bd3 g6 5. Ne2 Bg7 6. O-O O-O 7. c3 Nc6 8. e5
Nd5 9. c4 Nb6 10. Nd2 d6 11. exd6 Nxd4 12. dxe7 Qxe7 13. Nxd4 Bxd4 14. Rb1 Be6
15. Qe2 Rfe8 16. Ne4 Bf5 17. Re1 Bxe4 18. Bxe4 Bc3 19. Bb2 Bxe1 20. Rxe1 f5 21.
Qd2 Qd7 22. Bd5+ Nxd5 23. Rxe8+ Rxe8 24. cxd5 Qe7 25. Kf1 Qe4 26. d6 Rd8 27. f3
Qc4+ 28. Ke1 Qe6+ 29. Kf1 Rxd6 30. Qxb4 Rd1+ 31. Kf2 Qb6+ 0-1

[Event "7. Arber-Open Bodenmais 2018"]
[Site "Bodenmais"]
[Date "2018.07.30"]
[Round "3.15"]
[White "Bensch, Patrick"]
[Black "Villani, Cristian"]
[Result "1/2-1/2"]
[WhiteElo "2197"]
[BlackElo "2010"]
[PlyCount "83"]
[EventDate "2018.??.??"]
[WhiteTeam "SC Rottal-Inn"]
[BlackTeam "SK Durlach"]

1. e4 c6 2. d4 d5 3. e5 Bf5 4. Nc3 e6 5. g4 Bg6 6. Nge2 h6 7. h4 Nd7 8. h5 Bh7
9. Be3 Qb6 10. Rb1 Qa5 11. a3 b5 12. f4 Nb6 13. Bd2 Nc4 14. Nc1 Qb6 15. Bxc4
dxc4 16. Be3 Ne7 17. N1e2 O-O-O 18. Qc1 Nd5 19. Nxd5 cxd5 20. O-O g6 21. Ng3
Rg8 22. g5 gxh5 23. Nxh5 Be7 24. Kf2 Bg6 25. Nf6 Bxf6 26. exf6 hxg5 27. fxg5
Be4 28. Ke1 Rh8 29. Qd2 Kb7 30. Rc1 Rh3 31. Qf2 Rdh8 32. Bf4 Rf3 33. Qd2 Rxf1+
34. Kxf1 Rh1+ 35. Ke2 Rxc1 36. Qxc1 Qxd4 37. Be3 Qe5 38. Bf4 Qf5 39. c3 Qg4+
40. Ke3 Qf3+ 41. Kd4 Kc6 42. Qe3 1/2-1/2

[Event "7. Arber-Open Bodenmais 2018"]
[Site "Bodenmais"]
[Date "2018.07.30"]
[Round "3.16"]
[White "Legemaat, Gerrit"]
[Black "Herbold, Manfred"]
[Result "1/2-1/2"]
[WhiteElo "1946"]
[BlackElo "2144"]
[PlyCount "115"]
[EventDate "2018.??.??"]
[WhiteTeam "SV Doorn Driebergen"]
[BlackTeam "SC Niedermohr-HÃ¼tschenhausen"]

1. d4 Nf6 2. c4 e6 3. Nc3 Bb4 4. f3 d5 5. a3 Be7 6. e3 O-O 7. cxd5 exd5 8. Bd3
Re8 9. Nge2 c5 10. O-O Nc6 11. Re1 a6 12. Kh1 Bd6 13. dxc5 Bxc5 14. Ng3 Be6 15.
Nce2 Ne5 16. Nf4 Nxd3 17. Qxd3 Qd6 18. Bd2 Rad8 19. Rad1 Qb8 20. Ngh5 Nxh5 21.
Nxh5 Qe5 22. Nf4 Qxb2 23. Rb1 Qxa3 24. Qxa3 Bxa3 25. Rxb7 Rb8 26. Reb1 Bd6 27.
Kg1 Rxb7 28. Rxb7 Rb8 29. Ra7 Bc5 30. Rxa6 d4 31. Nxe6 dxe3 32. Ra1 fxe6 33.
Be1 Rb2 34. h4 Bd4 35. Rc1 h5 36. Kh2 Kf7 37. Kg3 e5 38. Rc7+ Kf6 39. Rc6+ Kf5
40. Rc1 e4 41. Bc3 Be5+ 42. Bxe5 Kxe5 43. Rc4 exf3 44. gxf3 e2 45. Re4+ Kf5 46.
Re8 g5 47. hxg5 Kxg5 48. Rg8+ Kf5 49. Rf8+ Kg6 50. Re8 Kg5 51. Rg8+ Kf6 52. Re8
Kf5 53. Rf8+ Ke5 54. Kf2 h4 55. Rh8 e1=Q+ 56. Kxe1 Kf4 57. Rxh4+ Kxf3 58. Rh3+
1/2-1/2

[Event "7. Arber-Open Bodenmais 2018"]
[Site "Bodenmais"]
[Date "2018.07.30"]
[Round "3.17"]
[White "Zepke, Armin"]
[Black "Brock, Ditmar"]
[Result "1-0"]
[WhiteElo "2130"]
[BlackElo "1933"]
[PlyCount "119"]
[EventDate "2018.??.??"]
[WhiteTeam "SC Bayerwald"]
[BlackTeam "SC Bad KÃ¶tzting"]

1. d4 Nf6 2. Nf3 d5 3. Bf4 e6 4. e3 c5 5. c3 Nc6 6. Nbd2 cxd4 7. exd4 Nh5 8.
Bg5 f6 9. Bh4 Bd6 10. Bg3 Nf4 11. Nb3 O-O 12. Qd2 Qc7 13. h4 Ne7 14. Bh2 e5 15.
Bxf4 exf4 16. Bd3 Bf5 17. O-O Be4 18. Qc2 Bxd3 19. Qxd3 b6 20. Rfe1 Qd7 21. Qe2
Kf7 22. c4 Rae8 23. c5 Bc7 24. Qd3 Kg8 25. Re2 Nc6 26. Rae1 Rxe2 27. Qxe2 Kf7
28. a3 Re8 29. Qxe8+ Qxe8 30. Rxe8 Kxe8 31. Kf1 Kd7 32. Ke2 b5 33. Kd3 Ke6 34.
Nbd2 a5 35. Ne1 Kf5 36. Nc2 g5 37. b4 axb4 38. Nxb4 Nxb4+ 39. axb4 gxh4 40. f3
Ke6 41. Nf1 h5 42. Nd2 f5 43. Nb3 Kd7 44. Kc3 Bd8 45. Nc1 Bc7 46. Nd3 Ke6 47.
Kd2 Kf6 48. Nf2 Ke6 49. Nh3 Kf6 50. Ke2 Bb8 51. Kf1 Bc7 52. Kg1 Bb8 53. Kh2 Bc7
54. Nf2 Ke6 55. Nd3 Kf6 56. Kh3 Kg5 57. Nc1 Bd8 58. Ne2 Bf6 59. Nc3 Bxd4 60.
Nxd5 1-0